=LDR 00000nam 2200000 4500 =001 INLIS000000000057487 =005 20210127100326 =035 ##$$a 0010-0121000077 =007 ta =008 210127###########################0#ind## =082 ##$$a 338.642 598 53 =084 ##$$a 338.642 598 53 Nus p.1 =245 1#$$a Profil Investasi Industri Kecil : $b Manisan Pala /$c Proyek Pemberdayaan Industri Kecil dan Menengah (PIKM) Dinas Perindustrian dan Perdagangan Propinsi Nusa Tenggara Barat =300 ##$$a ii, 18 halaman : $b ilus ; $c 21 cm =600 #4$$a Industri Kecil - NTB =740 ##$$a Profil Investasi Industri Kecil =264 ##$$a Mataram :$b Dinas Perindustrian dan Perdagangan Propinsi Nusa Tenggara Barat,$c 2003 =336 ##$$a Teks$2 rdacontent =337 ##$$a Buku$2 rdamedia =338 ##$$a lain-lain$2 rdacarrier =990 ##$$a 168/36/2007